Score 0/16 Timer 01:30
0 Plays Today
Hint 3-Letter Word % Correct
Cease to liveDIE
91.6%
Right out of the factoryNEW
87.2%
Kitten soundMEW
86.4%
Indicator of maiden nameNÉE
78.2%
Gidget actress SandraDEE
77.6%
'Lily' in French, as in Fleur-de-___LIS
72.6%
Jazz crooner TorméMEL
71.8%
LOTR Arwen Undómiel actress TylerLIV
71.1%
Hint 3-Letter Word % Correct
Criticize, speak rudely aboutDIS
69.5%
Sharp, pointed leather-piercing toolAWL
66.8%
Informal negative answer NAW
64.5%
To trouble or afflict AIL
58.9%
Red-berried coniferous tree (genus Taxus)YEW
57.5%
Property tax per thousand currency units MIL
56.4%
Vertical axis through an aircraftYAW
49.6%
Small Chevy pickup from 70'sLUV
31.7%

Today's Daily Dose

Missing Word
Lizzo Songs

Get the Picture
The Longest Rivers

Remove Ads.
Support Sporcle.
Get the best of Sporcle when you Go Orange. This ad-free experience offers more features, more stats, and more fun while also helping to support Sporcle. Thank you for becoming a member.

You're not logged in!

Compare scores with friends on all Sporcle quizzes.
OR
Log In

Show Comments

Extras

Top Quizzes Today


Score Distribution

Your Account Isn't Verified!

In order to create a playlist on Sporcle, you need to verify the email address you used during registration. Go to your Sporcle Settings to finish the process.

Report this User

Report this user for behavior that violates our Community Guidelines.

Details: